00672nam a22002177a 450000500170000001000130001702000190003003500130004903700160006204000120007808200170009010000220010724500900012924600060021926000510022527000500027630000320032650000500035865000220040865000240043020170124105914.0 aA-716374 c00a8170188210 aA-716374 bCen Lib/Ret aDPLbEN a304.64bAZU  aAzuh, Dominic E.  aChild servival under threat :cby Dominic E. Azuhba cross sectional study in india / b  bB. R. Publishing Corporation c1994aNew Delhi bNew Delhia1, Ansari Road Dariya Ganje110002 axxx, 165p.:c20cm(Hb)bill. aincludes bibliographical references and index aChild Moralities  aEcological Factors